Big Brother 14 Houseguests (US) - Statistics

General Stats
  • This quiz has been taken 289 times
  • The average score is 14 of 16
Answer Stats
Answer % Correct
Dan
99%
Ian
96%
Frank
94%
Mike
94%
Danielle
92%
Janelle
92%
Shane
90%
Britney
85%
Wil
85%
Jenn
83%
Jodi
80%
Joe
80%
Willie
78%
Ashley
74%
Kara
71%
Jojo
69%
No matching quizzes found
Score Distribution
Percent of People with Each Score
Percentile by Number Answered
Your Score History
You have not taken this quiz